Statistics for History by Countries - Multiple Choice

Click here to take the quiz!

General Stats

  • This quiz has been taken 490 times
    (466 since last reset)
  • The average score is 11 of 18

Answer Stats

QuestionAnswer% Correct
The Boer Wars, a series of conflicts between British colonizer and Dutch settlers, happened where?South Africa
88%
What is the modern name for the Roman province of Gaul?France
85%
The Battle of Waterloo, considered to be Napoleon's downfall, happened here.Belgium
82%
In which country was the Inca Empire based?Peru
82%
Where was Joseph Stalin born?Georgia
76%
Which nation did Prussia evolve to become?Germany
74%
In which modern day country is Muhammad said to have died?Saudi Arabia
73%
Which nation was the victor of the Six Day War?Israel
72%
In which country was the compass invented?China
69%
Which country changed its name from Zaire?D. R. Congo
68%
Which of these modern nations' territory was never invaded by JapanIndia
61%
Which European Nation did the Black Plague reach first?Italy
60%
Spain, Hungary, Mexico, and Japan have all gone to war against which country?United States
60%
Which country gained independence first?Haiti
46%
Which of these countries was reached by humans most recently?New Zealand
44%
Which of these nations was colonized by Germany?Cameroon
43%
Bartholdi, designer of the Statue of Liberty, originally proposed that his statue be built where?Egypt
26%
Which of these countries is NOT a cradle of civilization (a place where civilization emerged)Greece
22%

Score Distribution

Percentile by Number Answered

Percent of People with Each Score

Your Score History

You have not taken this quiz since the last reset